|
|
|
|
| LEADER |
00000cam a2200000 7i4500 |
| 001 |
0000000136 |
| 005 |
20000717.0 |
| 020 |
0 |
0 |
|a 983720088X
|
| 090 |
0 |
0 |
|a 658.4
|b BAT 1994
|
| 100 |
1 |
0 |
|a BATRA
|h Promod
|
| 245 |
1 |
0 |
|a Management ideas in action
|c Promod Batra and Deepak Mahendru
|
| 260 |
0 |
0 |
|a Kuala Lumpur :
|b Golden Books Centre ,
|c 1994
|
| 300 |
|
|
|a 492 p. :
|b ill. ;
|c 22 cm.
|
| 650 |
0 |
0 |
|a Customer services
|
| 650 |
0 |
0 |
|a Employees
|x Training of
|
| 650 |
0 |
0 |
|a Management
|
| 650 |
0 |
0 |
|a Management
|x Employee participation
|
| 700 |
0 |
1 |
|a Mahendru
|h Deepak ,
|c 1954 -
|
| 999 |
|
|
|a 0000001254
|b Monograph
|c Open Shelf
|e Default branch
|